[Event "GER-chT11-B1 email"]
[Site "GER email"]
[Date "2015.10.15"]
[Round "?.1"]
[White "Hartl, Hermann"]
[Black "Wolfrum, Rudolf"]
[Result "1/2-1/2"]
[WhiteElo "2270"]
[BlackElo "2527"]
[PlyCount "73"]
[EventDate "2015.??.??"]
[EventType "tourn (corr)"]
[EventRounds "8"]
[EventCountry "GER"]
[SourceTitle "Corr 2017"]
[Source "ChessBase"]
[SourceDate "2017.09.19"]
[SourceVersion "1"]
[SourceVersionDate "2017.09.19"]
[SourceQuality "1"]
[WhiteTeam "SV Berolina Mitte"]
[BlackTeam "SG Phoenix 07"]

1. e4 e5 2. Nf3 Nc6 3. Bb5 a6 4. Ba4 Nf6 5. 0-0 Be7 6. Re1 b5 7. Bb3 d6 8. c3 0-0 9. h3 Nb8 10. d4 Nbd7 11. Nbd2 Bb7 12. Bc2 Re8 13. a4 Bf8 14. Bd3 c6 15. b3 g6 16. Bb2 Nh5 17. Bf1 Nf4 18. b4 Qc7 19. axb5 axb5 20. Rc1 Ba6 21. c4 Qb8 22. Bc3 bxc4 23. Nxc4 Bb5 24. Re3 Nh5 25. Ra1 Rxa1 26. Qxa1 Bh6 27. Re1 Bg7 28. dxe5 Nxe5 29. Nfxe5 Bxe5 30. Nxe5 dxe5 31. g3 Bxf1 32. Kxf1 Qb5+ 33. Kg2 Nf6 34. Qb2 h5 35. Re3 h4 36. g4 Nh7 37. Qd2 1/2-1/2

[Event "GER-chT11-B1 email"]
[Site "GER email"]
[Date "2015.10.15"]
[Round "?.1"]
[White "Weber, Joerg"]
[Black "Wolfrum, Rudolf"]
[Result "1/2-1/2"]
[WhiteElo "2271"]
[BlackElo "2527"]
[PlyCount "67"]
[EventDate "2015.??.??"]
[EventType "tourn (corr)"]
[EventRounds "8"]
[EventCountry "GER"]
[SourceTitle "Corr 2017"]
[Source "ChessBase"]
[SourceDate "2017.09.19"]
[SourceVersion "1"]
[SourceVersionDate "2017.09.19"]
[SourceQuality "1"]
[WhiteTeam "SF Kelkheim"]
[BlackTeam "SG Phoenix 07"]

1. e4 e5 2. Nf3 Nc6 3. Bb5 a6 4. Ba4 Nf6 5. 0-0 Be7 6. Re1 b5 7. Bb3 d6 8. c3 0-0 9. h3 Nb8 10. d4 Nbd7 11. Nbd2 Bb7 12. Bc2 Re8 13. Nf1 Bf8 14. Ng3 g6 15. a4 c5 16. d5 c4 17. Be3 Qc7 18. Qe2 Nc5 19. Ra3 Reb8 20. Rea1 Nfd7 21. Nh2 h5 22. R3a2 Bg7 23. Ngf1 Nb6 24. axb5 axb5 25. Nd2 Rxa2 26. Rxa2 Ra8 27. Rxa8+ Bxa8 28. Nhf3 Bb7 29. b4 cxb3 30. Nxb3 Nxb3 31. Bxb3 Nc4 32. Bc1 Qa5 33. Qc2 Qa1 34. Kh2 1/2-1/2

[Event "GER-chT11-B1 email"]
[Site "GER email"]
[Date "2015.10.15"]
[Round "?.1"]
[White "Wolfrum, Rudolf"]
[Black "Schmenger, Juergen"]
[Result "1-0"]
[WhiteElo "2527"]
[BlackElo "2411"]
[PlyCount "87"]
[EventDate "2015.??.??"]
[EventType "tourn (corr)"]
[EventRounds "8"]
[EventCountry "GER"]
[SourceTitle "Corr 2017"]
[Source "ChessBase"]
[SourceDate "2017.09.19"]
[SourceVersion "1"]
[SourceVersionDate "2017.09.19"]
[SourceQuality "1"]
[WhiteTeam "SG Phoenix 07"]
[BlackTeam "FSG Sparrenburg Bielefeld"]

1. d4 Nf6 2. c4 e6 3. Nf3 d5 4. Nc3 c6 5. Bg5 h6 6. Bh4 dxc4 7. e4 g5 8. Bg3 b5 9. Be2 Bb4 10. Qc2 Bb7 11. Rd1 Nbd7 12. 0-0 Qe7 13. Nd2 0-0 14. e5 Nd5 15. Nde4 a6 16. h4 Bxc3 17. hxg5 Ba5 18. Nf6+ N7xf6 19. gxf6 Qd7 20. Bf3 Ne7 21. Be4 c5 22. fxe7 Qxe7 23. Bxb7 Qxb7 24. dxc5 Kh8 25. Rd6 Qe7 26. Qe4 Qg5 27. Rfd1 Qf5 28. Qxf5 exf5 29. Bf4 Rfd8 30. Bxh6 Re8 31. Bg5 Bb4 32. R1d5 Rac8 33. Rf6 Bxc5 34. Rxf7 Kg8 35. Rxf5 Rc6 36. Rd7 Bb6 37. Bh4 Rg6 38. Bf6 Re6 39. Rf4 Ba5 40. Rd6 Rxd6 41. exd6 Rh6 42. d7 Rh5 43. d8Q+ Bxd8 44. Bxd8 1-0

[Event "GER-chT10 LJ-21 Br03 email"]
[Site "GER email"]
[Date "2013.10.04"]
[Round "?"]
[White "Kretzschmar, Jan"]
[Black "Wolfrum, Rudolf"]
[Result "0-1"]
[WhiteElo "1986"]
[BlackElo "2311"]
[PlyCount "54"]
[EventDate "2013.10.15"]
[EventType "tourn (corr)"]
[EventRounds "8"]
[EventCountry "GER"]
[SourceTitle "Corr 2015"]
[Source "ChessBase"]
[SourceDate "2015.07.17"]
[SourceVersion "1"]
[SourceVersionDate "2015.07.17"]
[SourceQuality "1"]

1. d4 d5 2. Nf3 Nf6 3. c4 c6 4. e3 Bg4 5. Qb3 Qb6 6. Qxb6 axb6 7. cxd5 Nxd5 8. Bd2 Nd7 9. e4 Nc7 10. Be2 b5 11. Be3 g6 12. Nbd2 Bg7 13. h3 Be6 14. Bf4 Kd8 15. a3 f5 16. Bd3 Rf8 17. Bh2 fxe4 18. Bxe4 Bf5 19. 0-0 Ne6 20. Bxf5 Rxf5 21. Nb3 Rd5 22. Rad1 c5 23. Be5 Nxe5 24. dxe5 Rxd1 25. Rxd1+ Kc7 26. g3 Kc6 27. Kf1 Rd8 0-1

[Event "GER-chT10 LJ-21 Br03 email"]
[Site "GER email"]
[Date "2013.10.04"]
[Round "?"]
[White "Schubert, Frank"]
[Black "Wolfrum, Rudolf"]
[Result "1/2-1/2"]
[WhiteElo "2185"]
[BlackElo "2311"]
[PlyCount "143"]
[EventDate "2013.10.15"]
[EventType "tourn (corr)"]
[EventRounds "8"]
[EventCountry "GER"]
[SourceTitle "Corr 2020"]
[Source "ChessBase"]
[SourceDate "2019.09.30"]
[SourceVersion "1"]
[SourceVersionDate "2019.09.30"]
[SourceQuality "1"]

1. d4 d5 2. c4 c6 3. Nc3 Nf6 4. Nf3 e6 5. Bg5 h6 6. Bh4 dxc4 7. e4 g5 8. Bg3 b5 9. Be2 Bb7 10. h4 g4 11. Ne5 Nbd7 12. Nxd7 Qxd7 13. Be5 Qe7 14. 0-0 Rg8 15. Re1 Rd8 16. g3 a6 17. Qc2 Nd7 18. Bc7 Rc8 19. Bf4 e5 20. dxe5 Nxe5 21. b3 cxb3 22. Qxb3 Rd8 23. Rac1 Rd4 24. Kf1 Rg6 25. Qb2 Nf3 26. Nd5 Qa3 27. Qxa3 Bxa3 28. h5 Rg5 29. Nf6+ Ke7 30. Bxg5 Bxc1 31. Bxc1 Nxe1 32. Nxg4 Nc2 33. Bxh6 Rxe4 34. Bg5+ Kf8 35. Nf6 Re6 36. Bh6+ Ke7 37. Ng8+ Ke8 38. Bg7 f5 39. Nf6+ Kf7 40. h6 Rxe2 41. Kxe2 Nd4+ 42. Ke3 c5 43. Kf4 Bc8 44. Ke5 Be6 45. a3 Bb3 46. Nh5 Kg8 47. Nf4 Kh7 48. Bf8 a5 49. Bxc5 Nf3+ 50. Kxf5 Kxh6 51. Ng2 Bd5 52. Kf6 Kh7 53. Nf4 Bc4 54. Ne6 Nd2 55. Kf5 Bd3+ 56. Kf4 Nb3 57. Bd6 Kg6 58. Nd8 Nd2 59. Nc6 Nc4 60. Bc7 Kf6 61. Bxa5 Nxa3 62. Nb4 Bb1 63. g4 Ke6 64. Kg5 Nc4 65. Bc7 Nd2 66. Kh4 Nf3+ 67. Kg3 Be4 68. Kf4 Bb7 69. Nd3 Kf7 70. Nc5 Bc6 71. Bb6 Kg6 72. Nd3 1/2-1/2

[Event "GER-ch65 email"]
[Site "GER email"]
[Date "2012.11.27"]
[Round "?"]
[White "Draeger, Wolfgang"]
[Black "Wolfrum, Rudolf"]
[Result "0-1"]
[WhiteElo "2108"]
[BlackElo "2261"]
[PlyCount "86"]
[EventDate "2012.12.01"]
[EventType "tourn (corr)"]
[EventRounds "14"]
[EventCountry "GER"]
[SourceTitle "Corr 2015"]
[Source "ChessBase"]
[SourceDate "2015.07.17"]
[SourceVersion "1"]
[SourceVersionDate "2015.07.17"]
[SourceQuality "1"]

1. d4 Nf6 2. c4 g6 3. Nc3 d5 4. cxd5 Nxd5 5. e4 Nxc3 6. bxc3 Bg7 7. Bc4 c5 8. Ne2 Nc6 9. Be3 0-0 10. 0-0 Qc7 11. Rc1 b6 12. Qa4 Na5 13. Bd3 e5 14. Rfd1 Bd7 15. Qa3 Rfe8 16. h3 Bf8 17. Qb2 Ba4 18. Re1 Qd7 19. d5 c4 20. Bc2 Bxc2 21. Qxc2 Nb7 22. Ng3 b5 23. Qe2 Nd6 24. Rc2 a5 25. a3 Rec8 26. Ra2 Rab8 27. Rb1 Bg7 28. f3 f5 29. exf5 gxf5 30. Bf2 Qf7 31. Rab2 Qg6 32. h4 Bf6 33. h5 Qg7 34. Qe1 Kh8 35. Rc2 Qg5 36. a4 Rg8 37. Bc5 Rbd8 38. Nf1 Qxh5 39. Bxd6 Rxd6 40. Rxb5 f4 41. Qe4 Bd8 42. Rbb2 Rh6 43. Kf2 Qh1 0-1

[Event "GER-ch65 email"]
[Site "GER email"]
[Date "2012.11.27"]
[Round "?"]
[White "Loeffler, Werner"]
[Black "Wolfrum, Rudolf"]
[Result "1/2-1/2"]
[WhiteElo "2049"]
[BlackElo "2261"]
[PlyCount "74"]
[EventDate "2012.12.01"]
[EventType "tourn (corr)"]
[EventRounds "14"]
[EventCountry "GER"]
[SourceTitle "Corr 2015"]
[Source "ChessBase"]
[SourceDate "2015.07.17"]
[SourceVersion "1"]
[SourceVersionDate "2015.07.17"]
[SourceQuality "1"]

1. d4 Nf6 2. Bg5 d5 3. e3 c5 4. Bxf6 exf6 5. c3 Nc6 6. Ne2 Be6 7. Nd2 cxd4 8. Nxd4 Nxd4 9. exd4 Bd6 10. Bd3 g6 11. 0-0 Kf8 12. f4 Qc7 13. Qf3 f5 14. Rf2 h5 15. Nf1 h4 16. Bc2 Rd8 17. Bb3 Qc6 18. Ne3 Bc7 19. Nc2 a5 20. Ne1 a4 21. Bd1 a3 22. bxa3 Bd6 23. a4 Kg7 24. Bb3 Qc7 25. Rc1 Rc8 26. Rcc2 Qa5 27. g3 Rc7 28. Rfe2 Rhc8 29. Re3 Be7 30. gxh4 Bxh4 31. Ng2 Be7 32. Rd3 Qa6 33. Qd1 Bf6 34. Ne3 Rd7 35. Qf1 Rh8 36. Rcd2 Qd6 37. Ng2 Qa6 1/2-1/2

[Event "GER-ch65 email"]
[Site "GER email"]
[Date "2012.11.27"]
[Round "?"]
[White "Stieger, Helmut G"]
[Black "Wolfrum, Rudolf"]
[Result "1/2-1/2"]
[WhiteElo "2162"]
[BlackElo "2261"]
[PlyCount "71"]
[EventDate "2012.12.01"]
[EventType "tourn (corr)"]
[EventRounds "14"]
[EventCountry "GER"]
[SourceTitle "Corr 2015"]
[Source "ChessBase"]
[SourceDate "2015.07.17"]
[SourceVersion "1"]
[SourceVersionDate "2015.07.17"]
[SourceQuality "1"]

1. d4 Nf6 2. c4 g6 3. Nc3 d5 4. Nf3 Bg7 5. Qb3 dxc4 6. Qxc4 0-0 7. e4 a6 8. e5 b5 9. Qb3 Nfd7 10. h4 c5 11. e6 c4 12. Qd1 Nb6 13. exf7+ Rxf7 14. h5 Nc6 15. hxg6 hxg6 16. Be3 Nd5 17. a4 Rb8 18. axb5 axb5 19. Be2 Nxe3 20. fxe3 e5 21. dxe5 Qxd1+ 22. Rxd1 Nxe5 23. Rd5 Nxf3+ 24. gxf3 Be6 25. Rd6 Re7 26. Kf2 Bf7 27. Rhd1 Be5 28. Rc6 Kg7 29. Rc5 Rh8 30. e4 b4 31. Nd5 Bxd5 32. Rdxd5 Bf4 33. Rxc4 Rh2+ 34. Ke1 Rh1+ 35. Kf2 Rh2+ 36. Ke1 1/2-1/2

[Event "GER-ch42 final email"]
[Site "GER email"]
[Date "2012.03.12"]
[Round "?"]
[White "Fritsche, Frank"]
[Black "Wolfrum, Rudolf"]
[Result "1/2-1/2"]
[WhiteElo "2144"]
[BlackElo "2261"]
[PlyCount "152"]
[EventDate "2012.03.19"]
[EventType "tourn (corr)"]
[EventRounds "10"]
[EventCountry "GER"]
[SourceTitle "Corr 2015"]
[Source "ChessBase"]
[SourceDate "2015.07.17"]
[SourceVersion "1"]
[SourceVersionDate "2015.07.17"]
[SourceQuality "1"]

1. e4 e5 2. Nf3 Nc6 3. d4 exd4 4. Nxd4 Nf6 5. Nxc6 bxc6 6. e5 Qe7 7. Qe2 Nd5 8. c4 Nb6 9. Nc3 a5 10. Bd2 Ba6 11. b3 0-0-0 12. 0-0-0 Re8 13. f4 f6 14. Kc2 fxe5 15. Re1 Qc5 16. fxe5 Bd6 17. Ne4 Qa3 18. Nxd6+ cxd6 19. Kb1 Bxc4 20. Qf2 Bxf1 21. Rhxf1 Kb7 22. e6 Rhf8 23. Qxf8 Rxf8 24. Rxf8 dxe6 25. Rxe6 Qc5 26. Rf7+ Ka6 27. Ree7 Qg1+ 28. Kb2 Nd5 29. Ra7+ Kb5 30. Rxg7 Qd1 31. Rab7+ Kc5 32. Bxa5 h5 33. Rgd7 Qe2+ 34. Ka3 Qa6 35. Ra7 Qf1 36. Bd2 Qxg2 37. Ra5+ Kb6 38. Rxd6 Kc7 39. Rdxd5 cxd5 40. Bf4+ Kb6 41. Ra4 Qg1 42. h4 d4 43. Bg5 d3 44. Rb4+ Kc5 45. Rc4+ Kd5 46. Rc8 Qb6 47. Kb2 Qd4+ 48. Ka3 Ke5 49. Rc4 Qf2 50. Rc8 Qa7+ 51. Kb2 Qd4+ 52. Kc1 Qg1+ 53. Kb2 Qg2+ 54. Ka3 Qd5 55. Rc1 Qd6+ 56. Kb2 Qd4+ 57. Ka3 Kf5 58. Rd1 Ke6 59. Re1+ Kd6 60. Rc1 Kd7 61. Re1 Qc5+ 62. Ka4 Qc2 63. Rc1 Qxa2+ 64. Kb4 Qe2 65. Kc3 d2 66. Bxd2 Qe5+ 67. Kc2 Qe4+ 68. Kb2 Qxh4 69. Be1 Qh2+ 70. Ka3 Qg1 71. Kb2 Qe3 72. Rd1+ Kc6 73. Rc1+ Kb5 74. Kc2 Qd4 75. Kb1 h4 76. Bxh4 Qxh4 1/2-1/2

[Event "GER-ch42 final email"]
[Site "GER email"]
[Date "2012.03.12"]
[Round "?"]
[White "Raupach, Frank"]
[Black "Wolfrum, Rudolf"]
[Result "1/2-1/2"]
[WhiteElo "2295"]
[BlackElo "2261"]
[PlyCount "130"]
[EventDate "2012.03.19"]
[EventType "tourn (corr)"]
[EventRounds "10"]
[EventCountry "GER"]
[SourceTitle "Corr 2015"]
[Source "ChessBase"]
[SourceDate "2015.07.17"]
[SourceVersion "1"]
[SourceVersionDate "2015.07.17"]
[SourceQuality "1"]

1. c4 e5 2. g3 Nf6 3. Bg2 Nc6 4. Nc3 Bc5 5. Nf3 d6 6. d3 h6 7. 0-0 0-0 8. a3 a5 9. e3 Bg4 10. h3 Bf5 11. b3 Re8 12. Bb2 Ba7 13. Kh2 Qd7 14. Ng1 Nd8 15. Nge2 Ne6 16. e4 Bh7 17. f4 c6 18. f5 Nc7 19. b4 d5 20. c5 Qe7 21. Qb3 d4 22. Na4 Nd7 23. Bc1 Kh8 24. Bd2 Nb5 25. Qc2 f6 26. Nc1 axb4 27. axb4 Bb8 28. Nb3 Bc7 29. h4 Bg8 30. g4 Qf7 31. Na5 Bxa5 32. bxa5 Qb3 33. Qb1 Red8 34. Rc1 Qxb1 35. Rcxb1 Bf7 36. Bf3 Nc3 37. Nxc3 dxc3 38. Be3 Ra7 39. Bd1 Rda8 40. Kg3 Kg8 41. Ra3 Rxa5 42. Rxc3 Ra1 43. Rcc1 Rxb1 44. Rxb1 Ra3 45. Be2 Ra7 46. Kf2 Kf8 47. Ke1 Ke8 48. Rb2 Kd8 49. g5 hxg5 50. hxg5 fxg5 51. Bxg5+ Ke8 52. Be3 Nf6 53. Kd2 g6 54. fxg6 Bxg6 55. Bf2 Bf7 56. Bg3 Nd7 57. Rb1 Ke7 58. Bh4+ Ke8 59. Bf2 Kf8 60. Bg3 Ke7 61. Ke3 Nxc5 62. Bxe5 Nd7 63. Bf4 b5 64. Bg4 Be6 65. Bg5+ Kd6 1/2-1/2

[Event "GER-ch42 final email"]
[Site "GER email"]
[Date "2012.03.12"]
[Round "?"]
[White "Wolfrum, Rudolf"]
[Black "Von Wedel, Benno"]
[Result "1-0"]
[WhiteElo "2261"]
[BlackElo "2222"]
[PlyCount "93"]
[EventDate "2012.03.19"]
[EventType "tourn (corr)"]
[EventRounds "10"]
[EventCountry "GER"]
[SourceTitle "Corr 2015"]
[Source "ChessBase"]
[SourceDate "2015.07.17"]
[SourceVersion "1"]
[SourceVersionDate "2015.07.17"]
[SourceQuality "1"]

1. e4 c5 2. Nf3 d6 3. d4 cxd4 4. Nxd4 Nf6 5. Nc3 a6 6. Be3 e6 7. f3 b5 8. Qd2 Nbd7 9. g4 h6 10. a3 Bb7 11. 0-0-0 Rc8 12. Kb1 Ne5 13. Qe1 Nfd7 14. h4 Qc7 15. Bc1 Nc4 16. Bxc4 Qxc4 17. g5 hxg5 18. hxg5 Rxh1 19. Qxh1 g6 20. Qh7 Nb6 21. Rd3 Qc7 22. Qh8 Nd7 23. Rd1 e5 24. Nb3 a5 25. Qh2 Qb6 26. Qe2 b4 27. axb4 axb4 28. Be3 Qa6 29. Nb5 Rc6 30. Rd5 Nb6 31. Bxb6 Qxb6 32. Na5 Kd7 33. Nxb7 Qxb7 34. Qd2 Qb6 35. Qxb4 Be7 36. Qd2 Qg1+ 37. Ka2 Qxg5 38. Qd1 Qf4 39. c3 Ra6+ 40. Kb1 g5 41. Qe2 Rc6 42. Na3 Qg3 43. Nc4 Qg1+ 44. Kc2 Ke8 45. Ra5 Rc8 46. b4 Kf8 47. Kb2 1-0

[Event "GER 1. Rucki-Zucki-Cup/Z02 email"]
[Site "GER email"]
[Date "2011.10.16"]
[Round "?"]
[White "Kruschinski, Dirk"]
[Black "Wolfrum, Rudolf"]
[Result "1/2-1/2"]
[WhiteElo "2088"]
[BlackElo "2275"]
[PlyCount "39"]
[EventDate "2011.11.01"]
[EventType "tourn (corr)"]
[EventRounds "6"]
[EventCountry "GER"]
[SourceTitle "Corr 2015"]
[Source "ChessBase"]
[SourceDate "2015.07.17"]
[SourceVersion "1"]
[SourceVersionDate "2015.07.17"]
[SourceQuality "1"]

1. d4 Nf6 2. c4 e6 3. Nf3 d5 4. Nc3 c6 5. Bg5 h6 6. Bxf6 Qxf6 7. Qc2 dxc4 8. e3 b5 9. a4 Bb7 10. axb5 cxb5 11. Nxb5 Bb4+ 12. Nc3 0-0 13. Be2 Rc8 14. 0-0 Nd7 15. Nd2 Nb6 16. Rfc1 a5 17. Bf3 Qe7 18. h3 Qd7 19. Bxb7 Qxb7 20. Nf3 1/2-1/2